| 000 | 00569cam a2200181 i 4500 | ||
|---|---|---|---|
| 999 |
_c7574 _d7574 |
||
| 003 | OSt | ||
| 005 | 20200316113636.0 | ||
| 008 | 170606s2017 nyu b 001 0 eng | ||
| 020 |
_a9781138911086 _q(pb; alk. paper) |
||
| 040 |
_aDLC _beng _cDLC _erda |
||
| 082 | 0 | 0 |
_a729 _223 _bGRE |
| 245 | 0 | 4 |
_aThe interior architecture theory reader / _cedited by Gregory Marinic. |
| 300 |
_axxviii, 448 pages ; _c25 cm |
||
| 504 | _aIncludes bibliographical references and index. | ||
| 650 | 0 |
_aInterior architecture _xPhilosophy. |
|
| 700 | 1 |
_aMarinic, Gregory, _eeditor. |
|
| 942 | _2ddc | ||